Chemical Elements Whose Their Symbols Come From Letters in the Word "PERIODIC TABLE" - Statistics

General Stats
  • This quiz has been taken 259 times
    256 since last reset
  • The average score is 22 of 40
Answer Stats
Element % Correct
Oxygen
87%
Boron
85%
Iodine
84%
Carbon
83%
Phosphorus
75%
Lithium
71%
Argon
70%
Beryllium
70%
Calcium
65%
Barium
61%
Lead
59%
Radium
59%
Titanium
59%
Aluminium
57%
Chlorine
57%
Cobalt
57%
Erbium
55%
Rubidium
53%
Iridium
52%
Palladium
52%
Polonium
52%
Bromine
51%
Astatine
50%
Platinum
50%
Rhenium
50%
Tantalum
50%
Cerium
49%
Bismuth
47%
Lanthanum
47%
Cadmium
46%
Chromium
46%
Tellurium
46%
Actinium
45%
Praseodymium
41%
Protactinium
39%
Technetium
39%
Thallium
39%
Terbium
37%
Dubnium
32%
Lawrencium
25%
No matching quizzes found
Score Distribution
Percent of People with Each Score
Percentile by Number Answered
Your Score History
You have not taken this quiz since the last reset